000 00436nam a2200157Ia 4500
100 _aBourbousson/P.H.M/ Ashworth/R
650 _aElectrical Engineering
942 _cBK
654 _aElectrical & Electronic Prinicipals For Craft Studies
245 _aElectrical & Electronic Prinicipals For Craft Studies
260 _bButtersworth
_aLondon
_c1974
082 _a621.3
_bBou/Ash
300 _a160
546 _aENGLISH
999 _c30268
_d30268